IFM Opac

Professional Business Connectivity Services in Sharepoint 2010 (Record no. 16464)

MARC details
000 -LEADER
fixed length control field 00439nam a22001577a 4500
020 ## - INTERNATIONAL STANDARD BOOK NUMBER
International Standard Book Number 9788126530656
082 ## - DEWEY DECIMAL CLASSIFICATION NUMBER
Classification number 004.6 HIL
100 ## - MAIN ENTRY--PERSONAL NAME
Personal name Hillier Scot
245 ## - TITLE STATEMENT
Title Professional Business Connectivity Services in Sharepoint 2010
260 ## - PUBLICATION, DISTRIBUTION, ETC.
Place of publication, distribution, etc. New Delhi
Name of publisher, distributor, etc. Wiley
Date of publication, distribution, etc. 2011
300 ## - PHYSICAL DESCRIPTION
Extent xxix, 374P.
Other physical details ill.:21cm.
500 ## - GENERAL NOTE
General note includes index
650 ## - SUBJECT ADDED ENTRY--TOPICAL TERM
Topical term or geographic name entry element Professional Business Connectivity Services
700 ## - ADDED ENTRY--PERSONAL NAME
Personal name Stevenson Brad
942 ## - ADDED ENTRY ELEMENTS (KOHA)
Koha item type Books
Holdings
Withdrawn status Lost status Damaged status Not for loan Home library Current library Shelving location Date acquired Total Checkouts Full call number Barcode Date last seen Price effective from Koha item type
        IFM Mwanza Campus IFM Mwanza Campus Mwanza Teaching Center 09/29/2016   004.6 HIL 0000029225 09/29/2016 09/29/2016 Books